Dopływy Wisły - nagła śmierć - Statystyki

Ogólne statystyki
  • Ten quiz został rozwiązany 339 razy
  • Średni wynik to 6 z 16
Answers on the Grid
Answers color-coded by a green-red scale on the quiz's grid according to % correct below.
Przemsza
Soła
Skawa
Raba
Dunajec
Nida
Wisłoka
San
Kamienna
Wieprz
Pilica
Narew
Bzura
Drwęca
Brda
Wda
Odra
Warta
Bóbr
Ina
Gwda
Olza
Barycz
Noteć
Łyna
Prosna
Drawa
Pasłęka
Rega
Obra
Kwisa
Ner
 
Statystyki odpowiedzi
Odpowiedź % Poprawnych
San
58%
Narew
56%
Wieprz
56%
Dunajec
54%
Pilica
53%
Wisłoka
51%
Bzura
43%
Brda
36%
Drwęca
33%
Wda
32%
Raba
29%
Soła
28%
Nida
27%
Skawa
27%
Kamienna
26%
Przemsza
16%
Nie znaleziono quizów pasujących do podanych kryteriów
Rozkład punktacji
Procent ludzi z każdym wynikiem
Percentyl według liczby udzielonych odpowiedzi
Twoja historia wyników
Nie rozwiązałeś tego quizu